| 000 | 01228nam a22003617a 4500 | ||
|---|---|---|---|
| 003 | CHAP | ||
| 005 | 20220329143202.0 | ||
| 008 | 061127d2006 es r 00110 spa d | ||
| 010 | _a93063 | ||
| 011 | _a94035 | ||
| 020 | _a8477534365 | ||
| 035 | _a104619 | ||
| 040 | _cCHAP | ||
| 082 | 0 | 4 |
_a635.64 _bC3 |
| 100 | 0 | 0 |
_aCarravedo Fantova, Miguel. _919365 |
| 245 | 1 | 0 |
_aVariedades autóctonas de tomates de Aragón _c/por Miguel Carravedo Fantova |
| 260 |
_aZaragoza : _bCentro de Investigaciones de Tecnología Agroalimentaria de Aragón, _c2006. |
||
| 300 |
_a238 p. : _bilus. |
||
| 590 |
_aBATCH-UPD _b10 _c20130109 _lUCH01 _h2347 |
||
| 590 |
_aBATCH-UPD _b10 _c20130110 _lUCH01 _h0631 |
||
| 590 |
_aBATCH-UPD _b10 _c20130409 _lUCH01 _h1918 |
||
| 590 |
_aBATCH-UPD _b10 _c20130410 _lUCH01 _h0315 |
||
| 590 |
_aBATCH-UPD _b10 _c20130914 _lUCH01 _h0852 |
||
| 590 |
_aCONVERSION _b10 _c20130109 _lUCH01 _h1351 |
||
| 650 | 1 | 4 |
_aGermoplasma _xCatálogos y colecciones. _947767 |
| 650 | 1 | 4 |
_aHorticultura _xEspaña. _956327 |
| 650 | 1 | 4 |
_aTomate _xVariedades. _9113777 |
| 650 | 1 | 4 |
_aTomate _zEspaña. _9113785 |
| 901 | _aBK | ||
| 905 | _aLilia | ||
| 942 | _cLIBRO | ||
| 949 |
_a635.64 C3 _bBC _cLIBRO _d33724002005959 _eLIBRO _h108425 _i104619 _si |
||
| 999 |
_c93063 _d93063 |
||